000
00225nam a2200097Ia 4500
008
240331s9999 xx 000 0 und d
082
_b
THO
100
_a
Thompson, F. H
245
4
_a
The return of the native :
_b
notes
942
_c
L
999
_c
3179
_d
3179